header

Soulstorm : (Record no. 251119)

MARC details
000 -LEADER
fixed length control field 01073cam a2200289 a 4500
001 - CONTROL NUMBER
control field 562621
003 - CONTROL NUMBER IDENTIFIER
control field OSt
005 - DATE AND TIME OF LATEST TRANSACTION
control field 20151109135225.0
008 - FIXED-LENGTH DATA ELEMENTS--GENERAL INFORMATION
fixed length control field 890117s1989 nyu 000 1 eng
010 ## - LIBRARY OF CONGRESS CONTROL NUMBER
LC control number 89002938
020 ## - INTERNATIONAL STANDARD BOOK NUMBER
Cancelled/invalid ISBN 0811210911 (alk. paper)
International Standard Book Number 081121091X (pbk. : alk. paper)
040 ## - CATALOGING SOURCE
Original cataloging agency DLC
Transcribing agency DLC
Modifying agency DLC
041 1# - LANGUAGE CODE
Language code of text/sound track or separate title eng
Language code of original and/or intermediate translations of text por
050 00 - LIBRARY OF CONGRESS CALL NUMBER
Classification number PQ9697.L585
Item number A6 1989
082 00 - DEWEY DECIMAL CLASSIFICATION NUMBER
Classification number 869.3
Edition number 19
100 1# - MAIN ENTRY--PERSONAL NAME
Personal name Lispector, Clarice.
240 10 - UNIFORM TITLE
Uniform title <a href="Short stories.">Short stories.</a>
Form subheading Selections.
Language of a work English
245 10 - TITLE STATEMENT
Title Soulstorm :
Remainder of title stories /
Statement of responsibility, etc by Clarice Lispector ; translated with an afterword by Alexis Levitin ; introduction by Grace Paley.
260 ## - PUBLICATION, DISTRIBUTION, ETC. (IMPRINT)
Place of publication, distribution, etc New York :
Name of publisher, distributor, etc New Directions Pub.,
Date of publication, distribution, etc c1989.
300 ## - PHYSICAL DESCRIPTION
Extent xi, 175 p. ;
Dimensions 21 cm.
500 ## - GENERAL NOTE
General note Includes selections from A via crucis do corpo and Onde estivestes de noite? Originally published in Brazilian Portuguese.
600 10 - SUBJECT ADDED ENTRY--PERSONAL NAME
Personal name Lispector, Clarice
General subdivision Translations into English.
651 #0 - SUBJECT ADDED ENTRY--GEOGRAPHIC NAME
Geographic name Brazil
General subdivision Social life and customs
-- Fiction.
906 ## - LOCAL DATA ELEMENT F, LDF (RLIN)
a 7
b cbc
c orignew
d 1
e ocip
f 19
g y-gencatlg
942 ## - ADDED ENTRY ELEMENTS (KOHA)
Source of classification or shelving scheme Library of Congress Classification
Koha item type Long Loan Books
Holdings
Withdrawn status Lost status Source of classification or shelving scheme Damaged status Not for loan Home library Current library Shelving location Date acquired Total Checkouts Total Renewals Full call number Barcode Date last seen Date checked out Price effective from Koha item type
    Library of Congress Classification     Rongo University Library Rongo University Library General Stacks 09/11/2015 2 1 PQ9697.L585 A6 1989 20153442 27/07/2017 24/07/2017 09/11/2015 Long Loan Books

© 2026 Rongo University
Contact us: librarian | system librarian | Rongo university